Gli abbracci spezzati /

Đã lưu trong:
Chi tiết về thư mục
Tác giả chính: Iglesias, Alberto (Nhà soạn nhạc)
Tác giả khác: Almodóvar, Pedro (Giám đốc, Người viết kịch bản), Almodovar, Agustin (Nhà sản xuất), Cruz, Penélope (Diễn viên), Prieto, Rodrigo (Nhiếp ảnh gia), Garcia, Esther (Nhà sản xuất), Ochandiano, Ruben (Diễn viên), Gómez, José Luis, (1940- ) (Diễn viên), Homar, Lluis (Diễn viên), Novas, Tamar (Diễn viên)
Định dạng: Luận văn Slide
Ngôn ngữ:Tiếng Italy
Được phát hành: [Milano] : Warner home video, 2009
Các nhãn: Thêm thẻ
Không có thẻ, Là người đầu tiên thẻ bản ghi này!

MARC

LEADER 00000ngm a22000007i 4500
001 IT\ICCU\RAV\1914640
003 ItRI
005 20260124182804.0
008 100629s2009 it |||||||||||||||k|||||c
024 3 1 |a 5051891012042 
028 4 2 |a 1000147996 
028 4 2 |a 1000148402  |b VERSIONE NOLEGGIO 
028 4 2 |a DVS006247 
040 |b ita 
041 7 |a ita  |2 ISO-639-2 
082 |a 791.43  |9 CINEMA  |2 19 
130 4 |a Los abrazos rotos <film ; 2009>  |3 IT\ICCU\RAV\1914665 
245 0 4 |a Gli abbracci spezzati /  |c scritto e diretto da Pedro Almodovar ; direttore della fotografia Rodrigo Prieto ; musica Alberto Iglesias ; prodotto da: Ester Garcia, Augustin Almodovar. 
260 |a [Milano] :  |b Warner home video,  |c 2009 
300 |a 1 DVD-video (122 min) :  |b color., sonoro ;  |c 12 cm 
500 |a Caratteristiche tecniche: regione 2; formato video 2.35:1, 16:9 adatto a ogni tipo di televisore; audio Dolby Digital 5.1 
500 |a Lingue: italiano, spagnolo; sottotitoli: italiano per non udenti 
500 |a Titolo del contenitore 
500 |a Produzione cinematografica Spagna 2009 
502 |a Contenuti speciali: teaser; una scena in dettaglio: le indicazioni di Pedro Almodovar 
511 |a Interpreti: Penélope Cruz, Lluís Homar, Blanca Portillo, José Luis Gómez, Rubén Ochandiano, Tamar Novas 
700 1 |a Almodóvar, Pedro  |0 IT\ICCU\CFIV\096565  |4 drt 
700 1 |a Almodóvar, Pedro  |0 IT\ICCU\CFIV\096565  |4 sce 
700 1 |a Almodovar, Agustin  |0 IT\ICCU\PUVV\361329  |4 pro 
700 1 |a Cruz, Penélope  |0 IT\ICCU\RAVV\092857  |4 act 
700 1 |a Prieto, Rodrigo  |0 IT\ICCU\RAVV\316887  |4 pht 
700 1 |a Garcia, Esther  |0 IT\ICCU\RAVV\391364  |4 pro 
700 1 |a Ochandiano, Ruben  |0 IT\ICCU\RAVV\664759  |4 act 
700 1 |a Gómez, José Luis,  |d  (1940- )  |0 IT\ICCU\TSAV\347938  |4 act 
700 1 |a Iglesias, Alberto  |0 IT\ICCU\UBOV\483051  |4 cmp 
700 1 |a Homar, Lluis  |0 IT\ICCU\UBOV\956718  |4 act 
700 1 |a Novas, Tamar  |0 IT\ICCU\UBOV\970194  |4 act 
790 1 |a Almodóvar Caballero, Pedro  |3 IT\ICCU\SBNV\072548  |z Almodóvar, Pedro 
790 1 |a Almodóvar Caballero, Pedro  |3 IT\ICCU\SBNV\072548  |z Almodóvar, Pedro 
942 |2 ddc  |c VM  |n 0 
952 |0 0  |1 0  |4 0  |6 VO_1831_000000000000000  |7 0  |9 26270  |a BO  |b BO  |d 2026-01-24  |i 14617  |l 0  |o VO 1831  |p BO14617  |r 2026-01-24 18:28:04  |w 2026-01-24  |x [Sebina 5] [1 dvd]  |y VM  |z 1 dvd 
952 |0 0  |1 0  |4 0  |6 VO_2257_000000000000000  |7 0  |9 26271  |a BO  |b BO  |d 2026-01-24  |i 18396  |l 0  |o VO 2257  |p BO18396  |r 2026-01-24 18:28:04  |w 2026-01-24  |x [Sebina 7] [1 dvd]  |y VM  |z 1 dvd 
999 |c 22194  |d 22194